00587nam a2200253Ia 4500008004000000020001500040041000800055082001700063100002100080245006700101260004300168300001300211440000600224650000800230650000600238650001000244650000700254650001100261650000700272650001800279650001100297650001700308650000800325210210b2008 xxu||||| |||| 00| 0 eng d a8121209757 aeng a915.403 SESE aSESHAGIRI (N) Ed aEncyclopaedia of cities and towns in India: Vol V Chhattisgarh aNew DelhibGyan publishing housec2008 aviii,280 a5 aVol aV atowns aof aIndia: ain aEncyclopaedia acities aChhattisgarh aand